[Event "Schleswig Holstein-ch U25"]
[Site "Neumuenster"]
[Date "2005.03.20"]
[Round "2"]
[White "Karpedian, JD."]
[Black "Wolf, Florian"]
[Result "1-0"]
[WhiteElo "1659"]
[BlackElo "1578"]
[PlyCount "87"]
[EventDate "2005.03.19"]
[EventType "swiss"]
[EventRounds "9"]
[EventCountry "GER"]
[SourceTitle "EXT 2007"]
[Source "ChessBase"]
[SourceDate "2006.11.23"]
[SourceVersion "1"]
[SourceVersionDate "2006.11.23"]
[SourceQuality "1"]

1. Nf3 Nf6 2. Nc3 Nc6 3. Nh4 Nh5 4. Na4 Na5 5. Nf5 Nf4 6. Nc5 Nc4 7. Nd4 Nd5 8. Ne4 Ne5 9. Nb5 Nb4 10. Ng5 Ng4 11. Nc3 Nc6 12. Nf3 Nf6 13. Nb1 Nb8 14. Ng1 Ng8 15. e4 g6 16. d4 Bg7 17. Ne2 d5 18. exd5 Qxd5 19. Nbc3 Qd8 20. Be3 Nf6 21. Qd2 c6 22. Bh6 Bxh6 23. Qxh6 Na6 24. 0-0-0 Qb6 25. f3 Nb4 26. Qd2 Bf5 27. g4 Nxg4 28. fxg4 Bxc2 29. Re1 Bd3 30. a3 Qa6 31. Nf4 Na2+ 32. Nxa2 Bxf1 33. Rhxf1 0-0-0 34. Nc3 Rhe8 35. Qe2 Qb6 36. d5 g5 37. dxc6 gxf4 38. cxb7+ Kxb7 39. Qe4+ Kb8 40. Qxf4+ Ka8 41. Re5 Rd4 42. Qf3+ Qb7 43. Qxf7 Rb8 44. Rb5 1-0